ILLIT - Chansons de l'album bomb - Statistiques

Statistiques générales
  • Ce quiz a été pris 13 fois
  • Le résultat moyen est 4 sur 5
Statistiques - réponses
Hint Réponse % Correct
bomb 1 little monster
100%
bomb 4 oops!
100%
bomb 2 Billyeoon Goyangi (Do The Dance)
89%
bomb 3 jellyeous
89%
bomb 5 bamsopoong
56%
Aucun quiz correspondant
Distribution des résultats
% des personnes avec chaque résultat
Percentile par nombre de réponses
Votre historique - résultats
Vous n’avez pas pris ce quiz